000
00304nam a22001217a 4500
008
160429b xxu||||| |||| 00| 0 eng d
020
_a
9780801660658
020
_a
0801660653
041
_a
eng
080
_a
618.2
245
_a
Nursing in the community:
_c
Bonnie Bullough; Vern Bullough;
942
_2
udc
_c
BK
999
_c
1693
_d
1693